1706 1789 1244 1092 1697 1037 1666 1946 1532 1317 1793 1217 1351 1536 1287 1767 1816 1089 1165 1641 1627 1081 1314 1886 1055 1221 1061 1089 1766 1970 1255 1045 1291 1130 1315 1318 1450 1234 1426 1611 1322 1329 1270 1796 1044 1088 1501 1370 1267 1248 1272 1525 1966 1487 1879 1873 1931 1584 1621 1237 1144 1966 1459 1437 1836 1309 1250 1831 1594 1608 1416 1673 1683 1547 1636 1971 1109 1425 1270 1294 1546 1215 1438 1012 1364 1503 1100 1126 1432 1087 1457 1849 1993 1134 1134 1370 1031 1477 1631 BCNSPRNW ULIB Ver.6.0+V

เปลี่ยนเป็นภาษาไทย

Change to English
 แสดงรายละเอียดบรรณานุกรม
  กลับหน้าหลัก

Brief Record : Get Marc (ISO 2709) : E-mail record : QR code < ปิดหน้าต่าง
LEADER : 00000nam 2200000uu 4500
001    13399128194
003     ULIB
008    220815s2019||||th 000 0 tha d
020  & ^a9781259861925
060  & ^aWB105^bR4845
245 00 ^aReichman s Emergency medicine procedures/^c [edited by] Eric F. Reichman.
250  & ^a3rd ed.
260  & ^aNew York :^b McGraw-Hill Education;^c2019.
300  & ^axxiv, 1271 p. :^bcol. ill.
504  & ^aIncludes bibliographical references and index.
650 4  ^aEmergency medicine^xMethods.
700 1  ^aReichman, Eric F.
945    ^p0^l0^i009298
999    ^aประนอม เกษจรัล
รายการนี้ยังไม่มีแท็ก
คุณยังไม่ได้ล็อกอิน คุณสามารถมีกิจกรรมร่วมกับเว็บไซต์ได้ แต่ต้องล็อกอินก่อน ::
  ล็อกอิน

รายการสื่อสารสนเทศ

ลำดับที่ ประเภท เลขเรียก/บาร์โค้ด สถานที่ สถานะ
1. วิทยาศาสตร์การแพทย์ และสุขภาพ
หนังสือสำรอง
สถานะ=หนังสือสำรอง
WB105 R4845 ฉ.1 
  Barcode: 009298
ห้องสมุดวิทยาเขตสวรรค์ประชารักษ์
►หนังสือทั่วไป
บนชั้น

BibComment


ยังไม่เคยถูกคอมเมนท์

คอมเมนท์ทรัพยากรรายการนี้
  คอมเมนท์: Reichman s Emerg..


 Copyright 2026. Bcnsprnw @Library